zpět

Detail výsledku týmu

Music Bar Forea, Lanškroun

Datum a čas kvízu

38 Celkem bodů Celkový počet nahraných bodů na tomto kvízu bez doplňovacích otázek.
4. Pořadí na kvízu Konečné umístění týmu na tomto kvízu.

Zaznamenané odpovědi

# Otázka Odpověď Body Výsledky
1. Jiří Langmajer, Zdislava Pokor... Hejt není názor 0
2. V ugandském národním parku Kib... šimpanz 1
3. Kterému rapperovi byl zakázán... Kanyemu Westovi 0
4. Americký deník The New York Ti... bitcoin 1
5. Ze soboty na neděli se v Miami... Carlos Ulberg 0
6. Vaším prvním úkolem v dnešním... 1D 2A 3B 4C 0
7. Poznejte (parodii na) gangster... Někdo to rád horké (Some Like It Hot) 1
8. Italští herci Carlo Pedersoli... Bud Spencer a Terence Hill 1
9. Gangster, na kterého se ptáme,... Jabba Hutt 1
10. Uveďte jméno i příjmení postav... John Wick 0